000 00760nam a2200253Ia 4500
001 Z_11
003 CHAP
005 20220920192757.0
008 220113s1986 xx 000 0 und d
010 _a162977
040 _cCHAP
090 _aFolleto 31
100 _aUACH. Departamento de Zootecnia
_9137188
245 _aProyecto del módulo de bovinos lecheros /
_cpor UACH. Departamento de Zootecnia
260 _aChapingo, Méx. :
_bUniversidad Autónoma Chapingo; Departamento de Zootecnia,
_c1986
300 _a33 p. + cuadros
503 _aej.1: fotocopia \ ej.2: fotocopia
650 _aGanado lechero
_xProducción I. t.
_9137189
901 _aFOLLETO 31
902 _aM
910 _a1986
942 _cFOLL
_2local
942 _cFOLL
_2local
999 _c162977
_d162977